| 000 | 00960cam a2200277 i 4500 | ||
|---|---|---|---|
| 001 | 21107 | ||
| 003 | Mx-PuUPA | ||
| 005 | 20260324110552.0 | ||
| 008 | 140415s2025 mx gr 001 0 spa d | ||
| 020 | _a9786075967677 | ||
| 040 |
_cMx-PuUPA _aMx-PuUPA _bspa _dMx-PuUPA _erda |
||
| 041 | 0 | _aspa | |
| 100 | 1 |
_aBeuchot, Mauricio, _d1950- _914180 _eautor |
|
| 245 | 1 | 3 |
_aEl pensamiento del maestro Eckhart, filósofo y místico de la Edad Media / _cMauricio Beuchot |
| 250 |
_aPrimera edición / _bmarzo |
||
| 264 | 1 |
_aCiudad de México : _bVantablack&White, _c2025 |
|
| 300 |
_a177 páginas ; _c22 cm |
||
| 336 |
_2rdacontent _atexto _btxt |
||
| 337 |
_2rdamedia _asin medio _bn |
||
| 338 |
_2rdacarrier _avolumen _bnc |
||
| 650 | 7 |
_2armarc _aHermenéutica analógica |
|
| 942 |
_2ddc _cLI _h121.686 _iB55 |
||
| 999 |
_c21107 _d21107 |
||